000 00627nam a2200205Ii 4500
003 JO-AjNU
008 230605s9999||||xx |||||||||||||| ||und||
017 _a2009/9/4165
040 _aJO-AjNU
_bara
_erda
_cJO-AjNU
041 _aara
050 1 4 _aPJ7858.U2.B22 2009
100 3 _aتأليف قبيلات،سعود,
_eauthor
_923126
245 0 0 _aبعد خراب الحافلة
264 3 1 _aعمان:وزارة الثقافة،2009
300 _a164ص
336 _atext
_btxt
_2rdacontent
337 _aunmediated
_bn
_2rdamedia
338 _avolume
_bnc
_2rdacarrier
650 4 _aالأدب العربي - قصص
_923127
999 _aA8318
_c11886
_d11886